000 00994cam a2200289 a 4500
999 _c11000
_d11000
001 3354102
003 URS
005 20220117100154.0
008 860528s1987 njua b 001 0 eng
010 _a 86091496
020 _a013283037X
040 _aURS
_cURS
_dDLC
_beng
_erda
050 0 0 _aQH541
_b.N39 1987
100 _aNebel, Bernard J.
_eauthor
245 1 0 _aEnvironmental science :
_bthe way the world works /
_cBernard J. Nebel ; with editorial assistance by Edward J. Kormondy ; with writing assistance by Nancy K. Minkoff.
250 _a2nd ed.
260 _aEnglewood Cliffs, New Jersey :
_bPrentice-Hall,
_c©1987.
300 _axv, 671 pages :
_billustrations ;
_c26 cm
500 _aIncludes index.
504 _aBibliography: p. 628-633.
650 0 _aEcology.
650 0 _aEnvironmental sciences.
700 _aKormondy, Edward John,
_d1926-
_eauthor
700 _aMinkoff, Nancy K.
_eauthor
906 _a7
_bcbc
_corignew
_d1
_eopcn
_f19
_gy-gencatlg
942 _2lcc
_cFR